Holocaust-Opfer: Herkunft der ermordeten Juden in Europa - Statistiken

Allgemein
  • Dieses Quiz wurde 289 mal gespielt
  • Das Durchschnittsergebnis liegt bei 17 aus 23
Antwortstatistiken
Zahl der ermordeten Juden Herkunft (Land) % Korrekt
165.000 Deutschland
98%
3.000.000 Polen
98%
1.000.000 Sowjetunion
95%
76.000 Frankreich
94%
65.000 Österreich
94%
7.500 Italien
88%
102.000 Niederlande
88%
25.000 Belgien
86%
270.000 Ungarn
85%
116 Dänemark
82%
758 Norwegen
80%
1.200 Luxemburg
76%
7 Finnland
73%
287.000 Rumänien
73%
58.800 Griechenland
71%
142 Bulgarien
68%
60.000 Jugoslawien
67%
70.000 Lettland
60%
1.000 Estland
58%
145.000 Litauen
58%
260.000 Tschechoslowakei
57%
100 Albanien
54%
20 Tunesien
12%
Keine übereinstimmenden Quizze gefunden
Verteilung der Resultate
Anzahl Personen mit jedem Resultat
Perzentil nach korrekt beantworteten Fragen
Ihre Resultats-Entwicklung
Sie haben dieses Quiz noch nicht gespielt